Il dono (moderno) come sacramento di riconoscimento
| Main Author: | |
|---|---|
| Format: | Print Review |
| Language: | Italian |
| Check availability: | HBZ Gateway |
| Interlibrary Loan: | Interlibrary Loan for the Fachinformationsdienste (Specialized Information Services in Germany) |
| Published: |
2010
|
| In: |
Ricerche teologiche
Year: 2010, Volume: 21, Issue: 2, Pages: 411-437 |
| Review of: | Essai sur le don / Marcel Mauss (Giorgio, Giovanni) Donner le temps / Jacques Derrida (Giorgio, Giovanni) Étant donné / Jean L. Marion (Giorgio, Giovanni) |
| RelBib Classification: | NAA Systematic theology VA Philosophy |
| Further subjects: | B
Theology
B Gift B Book review B Concept of B Philosophy |
MARC
| LEADER | 00000caa a22000002c 4500 | ||
|---|---|---|---|
| 001 | 1646885031 | ||
| 003 | DE-627 | ||
| 005 | 20220616125907.0 | ||
| 007 | tu | ||
| 008 | 160405s2010 xx ||||| o 00| ||ita c | ||
| 035 | |a (DE-627)1646885031 | ||
| 035 | |a (DE-576)467562717 | ||
| 035 | |a (DE-599)BSZ467562717 | ||
| 040 | |a DE-627 |b ger |c DE-627 |e rakwb | ||
| 041 | |a ita | ||
| 084 | |a 1 |2 ssgn | ||
| 100 | 1 | |0 (DE-588)1048183939 |0 (DE-627)779953088 |0 (DE-576)178548995 |4 aut |a Giorgio, Giovanni |d 1961- | |
| 109 | |a Giorgio, Giovanni 1961- | ||
| 245 | 1 | 3 | |a Il dono (moderno) come sacramento di riconoscimento |
| 264 | 1 | |c 2010 | |
| 336 | |a Text |b txt |2 rdacontent | ||
| 337 | |a ohne Hilfsmittel zu benutzen |b n |2 rdamedia | ||
| 338 | |a Band |b nc |2 rdacarrier | ||
| 650 | 0 | 7 | |0 (DE-588)4335856-1 |0 (DE-627)148697496 |0 (DE-576)21136259X |a Gabe |2 gnd |
| 650 | 0 | 7 | |0 (DE-588)4005248-5 |0 (DE-627)106382365 |0 (DE-576)208859918 |a Begriff |2 gnd |
| 650 | 0 | 7 | |0 (DE-588)4059758-1 |0 (DE-627)104131446 |0 (DE-576)209132159 |a Theologie |2 gnd |
| 650 | 0 | 7 | |0 (DE-588)4045791-6 |0 (DE-627)106200259 |0 (DE-576)209066873 |a Philosophie |2 gnd |
| 652 | |a NAA:VA | ||
| 655 | 7 | |a Rezension |0 (DE-588)4049712-4 |0 (DE-627)106186019 |0 (DE-576)209083166 |2 gnd-content | |
| 773 | 0 | 8 | |i In |t Ricerche teologiche |d Bologna : Edizioni Dehoniane, 1990 |g 21(2010), 2, Seite 411-437 |w (DE-627)170685071 |w (DE-600)1091352-X |w (DE-576)028039645 |x 1120-8333 |7 nnas |
| 773 | 1 | 8 | |g volume:21 |g year:2010 |g number:2 |g pages:411-437 |
| 787 | 0 | 8 | |i Rezension von |a Essai sur le don / Marcel Mauss |
| 787 | 0 | 8 | |i Rezension von |a Donner le temps / Jacques Derrida |
| 787 | 0 | 8 | |i Rezension von |a Étant donné / Jean L. Marion |
| 935 | |a mteo | ||
| 951 | |a AR | ||
| ELC | |b 1 | ||
| ITA | |a 1 |t 1 | ||
| LOK | |0 000 xxxxxcx a22 zn 4500 | ||
| LOK | |0 001 3320622846 | ||
| LOK | |0 003 DE-627 | ||
| LOK | |0 004 1646885031 | ||
| LOK | |0 005 20160405162054 | ||
| LOK | |0 008 160404||||||||||||||||ger||||||| | ||
| LOK | |0 040 |a DE-Tue135 |c DE-627 |d DE-Tue135 | ||
| LOK | |0 092 |o n | ||
| LOK | |0 852 |a DE-Tue135 | ||
| LOK | |0 852 1 |9 00 | ||
| LOK | |0 935 |a ixzs |a ixmi | ||
| LOK | |0 936ln |0 1442050780 |a NAA | ||
| LOK | |0 936ln |0 1442053844 |a VA | ||
| LOK | |0 939 |a 04-04-16 |b l01 | ||
| ORI | |a SA-MARC-ixtheoa001.raw | ||
| REL | |a 1 | ||
| STA | 0 | 0 | |a Concept of,Idea,Conception,Gift,Gift,Philosophy,Philosophy in literature,Theology,Theology |
| STB | 0 | 0 | |a Concept,Terme,Terme,Don,Don,Philosophie,Philosophie,Théologie,Théologie |
| STC | 0 | 0 | |a Don,Don,Regalo,Regalo,Regalo (Motivo),Regalo,Filosofía,Filosofía,Teología,Teología,Término,Concepto,Concepto |
| STD | 0 | 0 | |a Concetto,Dono,Dono,Filosofia,Filosofia,Teologia,Teologia |
| STE | 0 | 0 | |a 哲学,恩赐,天赋,概念,神学家 |
| STF | 0 | 0 | |a 哲學,恩賜,天賦,概念,神學家 |
| STG | 0 | 0 | |a Dom,Dom,Dádiva,Dádiva,Dádiva (Motivo),Dádiva,Filosofia,Filosofia,Teologia,Teologia,Termo,Conceito,Conceito |
| STH | 0 | 0 | |a Богословие (мотив),Богословие,Дар (мотив),Дар,Понятие,Философия (мотив),Философия |
| STI | 0 | 0 | |a Έννοια,Δώρο (μοτίβο),Δώρο,Θεολογία (μοτίβο),Θεολογία,Φιλοσοφία (μοτίβο),Φιλοσοφία |
| SUB | |a REL | ||
| SYE | 0 | 0 | |a Geschenk <Religion>,Gottesgabe,Geschenk,Gottesgabe , Konzept , Christliche Theologie , Philosophy,Philosophieren |



